[Event "ARA Cto Aragon Equipos Division Honor"]
[Site "Aragon"]
[Date "2021.05.08"]
[Round "7.24"]
[White "Llanes Luno, Ricardo"]
[Black "Lopez Gracia, Fernando"]
[Result "1-0"]
[WhiteElo "2199"]
[BlackElo "2299"]
[PlyCount "55"]
[EventDate "2021.??.??"]
[EventType "team"]
[EventRounds "10"]
[EventCountry "ESP"]
[WhiteTeam "Delicias"]
[BlackTeam "Ibercaja"]

1. e4 c5 2. Nc3 d6 3. d4 cxd4 4. Qxd4 Nc6 5. Qd2 g6 6. b3 Bh6 7. f4 f5 8. Bb2
Nf6 9. O-O-O O-O 10. Bc4+ Kh8 11. g3 Bg7 12. Nf3 Na5 13. Bd3 b5 14. e5 dxe5 15.
Nxe5 Bb7 16. Nxb5 Bxh1 17. Rxh1 a6 18. Nd4 Qb6 19. Re1 Rfc8 20. Ne6 Rab8 21.
Kb1 Rb7 22. Nxg7 Kxg7 23. g4 fxg4 24. f5 Qb4 25. Qe3 Nd5 26. Nxg4+ Nc3+ 27.
Bxc3+ Qxc3 28. fxg6 1-0

[Event "ARA Cto Aragon Equipos Division Honor"]
[Site "Aragon"]
[Date "2021.05.15"]
[Round "8.24"]
[White "Arpa Pardos, Emilio"]
[Black "Garza Marco, Sergio"]
[Result "0-1"]
[WhiteElo "1905"]
[BlackElo "2399"]
[PlyCount "85"]
[EventDate "2021.??.??"]
[EventType "team"]
[EventRounds "10"]
[EventCountry "ESP"]
[WhiteTeam "Teruel"]
[BlackTeam "Helios"]

1. Nf3 f5 2. b3 d6 3. d4 Nf6 4. Bb2 g6 5. Nbd2 Bg7 6. e3 O-O 7. Bd3 Nc6 8. a3
e5 9. dxe5 Ng4 10. Nc4 d5 11. h3 Nh6 12. Ncd2 Nf7 13. c4 Ncxe5 14. Nxe5 Nxe5
15. Bxe5 Bxe5 16. Rc1 Be6 17. cxd5 Bxd5 18. Bc4 Bb2 19. Bxd5+ Qxd5 20. Rxc7
Rac8 21. Qc2 Rxc7 22. Qxc7 Qxg2 23. Rh2 Qg1+ 24. Ke2 f4 25. Qc4+ Kh8 26. Nf3
Qa1 27. Ng5 Bxa3 28. Qd4+ Qxd4 29. exd4 Rf5 30. Ne4 Rb5 31. Nd2 Bc1 32. Nc4
Rxb3 33. d5 f3+ 34. Kd1 Bf4 35. Kc2 Rb4 36. Rh1 Rxc4+ 37. Kb3 Rd4 38. Re1 Rxd5
39. Re8+ Kg7 40. Re7+ Kf6 41. Rxb7 Be3 42. fxe3 f2 43. Rb8 0-1

[Event "ARA Cto Aragon Equipos Division Honor"]
[Site "Aragon"]
[Date "2021.05.15"]
[Round "8.25"]
[White "Calvo Simon, Jorge"]
[Black "Ibanez Vidal, Javier"]
[Result "1-0"]
[WhiteElo "2188"]
[BlackElo "1630"]
[PlyCount "62"]
[EventDate "2021.??.??"]
[EventType "team"]
[EventRounds "10"]
[EventCountry "ESP"]
[WhiteTeam "Helios"]
[BlackTeam "Teruel"]

1. g3 d5 2. Bg2 Nf6 3. c4 c6 4. Nf3 Bf5 5. b3 e6 6. Bb2 Nbd7 7. d3 Bc5 8. O-O
O-O 9. Qc2 Qb6 10. h3 Rfe8 11. Nbd2 h6 12. Rac1 Rac8 13. Qb1 e5 14. e4 Bh7 15.
Rce1 Nh5 16. Qa1 Nxg3 17. d4 Nxf1 18. dxc5 Nxc5 19. Rxf1 d4 20. Ne1 Qb4 21. Bc1
Rcd8 22. Qb1 Qc3 23. Qc2 Qa5 24. a3 Qc3 25. b4 Ne6 26. Qxc3 dxc3 27. Nb1 Rd1
28. Nc2 Rd3 29. Re1 Red8 30. Bf1 Rf3 31. Kg2 Ng5 1-0

[Event "ARA Cto Aragon Equipos Division Honor"]
[Site "Aragon"]
[Date "2021.05.15"]
[Round "8.26"]
[White "Perez Dominguez, Carlos Gines"]
[Black "Cerrajeria Ruiz, Jesus Maria"]
[Result "0-1"]
[WhiteElo "1571"]
[BlackElo "2125"]
[PlyCount "63"]
[EventDate "2021.??.??"]
[EventType "team"]
[EventRounds "10"]
[EventCountry "ESP"]
[WhiteTeam "Teruel"]
[BlackTeam "Helios"]

1. c4 Nf6 2. g3 g6 3. Bg2 Bg7 4. e4 d6 5. Ne2 c5 6. Nbc3 Nc6 7. d3 O-O 8. O-O
Bd7 9. h3 Ne8 10. f4 Nc7 11. Be3 Ne6 12. f5 Ned4 13. g4 e6 14. fxg6 fxg6 15.
Qd2 Qe7 16. Bh6 Nxe2+ 17. Nxe2 Bxh6 18. Qxh6 Qg7 19. Qe3 Rxf1+ 20. Rxf1 Qxb2
21. Qf4 Ne5 22. Ng3 Qb6 23. Nf5 exf5 24. exf5 Bc6 25. f6 Nf7 26. Re1 Qb2 27.
Bxc6 bxc6 28. g5 Qd4+ 29. Qxd4 cxd4 30. h4 Ne5 31. Re4 Rb8 32. Rxd4 0-1

[Event "ARA Cto Aragon por Equipos Preferente"]
[Site "Aragon"]
[Date "2021.05.29"]
[Round "9.40"]
[White "Lopez Guaita, Fernando"]
[Black "Garcia Acin, Pablo"]
[Result "1/2-1/2"]
[WhiteElo "1830"]
[BlackElo "1623"]
[PlyCount "63"]
[EventDate "2021.??.??"]
[EventType "team-tourn"]
[EventRounds "9"]
[EventCountry "ESP"]
[WhiteTeam "Utebo San Lamberto"]
[BlackTeam "IberCaja B"]

1. e4 c5 2. Nf3 d6 3. d3 g6 4. g3 Bg7 5. Bg2 Nc6 6. O-O Nf6 7. Nbd2 O-O 8. c3
Qc7 9. Re1 Rb8 10. Nb3 b5 11. d4 c4 12. Nbd2 e6 13. Qe2 Nd7 14. Nf1 e5 15. d5
Ne7 16. Be3 f5 17. Ng5 Nf6 18. f3 h6 19. Ne6 Bxe6 20. dxe6 g5 21. exf5 Nxf5 22.
Bh3 Nd5 23. Rad1 Nde7 24. Qd2 Rf6 25. f4 gxf4 26. gxf4 Rg6+ 27. Ng3 Nxg3 28.
hxg3 Rxg3+ 29. Kh2 exf4 30. Bxf4 Rd3 31. Qg2 Kh8 32. Rxd3 1/2-1/2

[Event "ARA Cto Aragon por Equipos Preferente"]
[Site "Aragon"]
[Date "2021.05.29"]
[Round "9.44"]
[White "Cebollada Pacheco, Jesus Raul"]
[Black "Dominguez Luzon, Fernando"]
[Result "1/2-1/2"]
[WhiteElo "1970"]
[BlackElo "1940"]
[PlyCount "66"]
[EventDate "2021.??.??"]
[EventType "team-tourn"]
[EventRounds "9"]
[EventCountry "ESP"]
[WhiteTeam "MyInvestor Casablanca B"]
[BlackTeam "Delicias B"]

1. e4 c5 2. Nf3 d6 3. d4 cxd4 4. Qxd4 Nc6 5. Bb5 Bd7 6. Bxc6 Bxc6 7. Nc3 Nf6 8.
Bg5 e6 9. O-O-O Be7 10. Qd3 Qa5 11. h4 h6 12. Be3 Ng4 13. Bd4 e5 14. Be3 Nxe3
15. Qxe3 b5 16. Kb1 Qc7 17. Nd5 Bxd5 18. Rxd5 a6 19. Nd2 Rc8 20. Qd3 Qb6 21.
Qe2 Rc5 22. Qe3 Qc7 23. Rxc5 dxc5 24. c4 O-O 25. g4 Rd8 26. g5 Qd6 27. Kc2 h5
28. Qe2 g6 29. Rd1 Qc6 30. Nf3 Rxd1 31. Kxd1 f6 32. gxf6 Bxf6 33. Qd3 Kg7
1/2-1/2

[Event "ARA Cto Aragon Equipos Division Honor"]
[Site "Aragon"]
[Date "2021.06.05"]
[Round "10.2"]
[White "Glavina, Pablo"]
[Black "Llorente Zaro, Alfonso"]
[Result "0-1"]
[WhiteElo "2410"]
[BlackElo "2441"]
[PlyCount "128"]
[EventDate "2021.??.??"]
[EventType "team"]
[EventRounds "10"]
[EventCountry "ESP"]
[WhiteTeam "MyInvestor Casablanca"]
[BlackTeam "Jaime Casas"]
[TimeControl "6000+710"]
[WhiteClock "0:47:22"]
[BlackClock "0:02:40"]

1. e4 {[%emt 0:00:32]} c5 {[%emt 0:00:19]} 2. Nf3 {[%emt 0:00:05]} Nc6 {[%emt
0:00:07]} 3. c3 {[%emt 0:00:15]} Nf6 {[%emt 0:00:37]} 4. e5 {[%emt 0:00:08]}
Nd5 {[%emt 0:00:11]} 5. d4 {[%emt 0:00:54]} cxd4 {[%emt 0:00:18]} 6. Bc4 {
[%emt 0:00:05]} Nb6 {[%emt 0:00:14]} 7. Bb3 {[%emt 0:00:04]} d5 {[%emt 0:00:37]
} 8. exd6 {[%emt 0:00:05]} Qxd6 {[%emt 0:00:22]} 9. Na3 {[%emt 0:00:04]} Be6 {
[%emt 0:01:38]} 10. Nb5 {[%emt 0:00:03]} Qd7 {[%emt 0:00:12]} 11. Bxe6 {[%emt
0:00:04]} Qxe6+ {[%emt 0:00:07]} 12. Be3 {[%emt 0:00:04]} Qd7 {[%emt 0:05:55]}
13. Nbxd4 {[%emt 0:01:01]} e6 {[%emt 0:07:42]} 14. O-O {[%emt 0:00:49]} Be7 {
[%emt 0:02:05]} 15. Qb3 {[%emt 0:04:07]} Na5 {[%emt 0:07:28]} 16. Qb5 {[%emt 0:
01:42]} Nac4 {[%emt 0:01:17]} 17. Bc1 {[%emt 0:02:46]} O-O {[%emt 0:05:31]} 18.
b3 {[%emt 0:00:08]} Qxb5 {[%emt 0:00:33]} 19. Nxb5 {[%emt 0:00:06]} Nd6 {[%emt
0:00:03]} 20. Nxd6 {[%emt 0:00:29]} Bxd6 {[%emt 0:00:01]} 21. c4 {[%emt 0:00:
10]} Bc5 {[%emt 0:12:20]} 22. Bd2 {[%emt 0:03:54]} Rfd8 {[%emt 0:01:58]} 23.
Ba5 {[%emt 0:00:31]} Rdc8 {[%emt 0:11:02]} 24. Rfd1 {[%emt 0:01:09]} Kf8 {
[%emt 0:00:40]} 25. Ne5 {[%emt 0:03:57]} f6 {[%emt 0:06:02]} 26. Nd3 {[%emt 0:
00:03]} Bd4 {[%emt 0:00:41]} 27. Rac1 {[%emt 0:00:24]} e5 {[%emt 0:01:37]} 28.
Kf1 {[%emt 0:00:09]} Nd7 {[%emt 0:05:13]} 29. Nf4 {[%emt 0:06:54]} Nc5 {[%emt
0:00:13]} 30. Ne2 {[%emt 0:10:57]} Ne6 {[%emt 0:00:41]} 31. Nxd4 {[%emt 0:01:
04]} Nxd4 {[%emt 0:01:03]} 32. Bc3 {[%emt 0:00:11]} Nc6 {[%emt 0:01:34]} 33.
Rd7 {[%emt 0:00:41]} Rab8 {[%emt 0:00:24]} 34. Rcd1 {[%emt 0:00:28]} b5 {[%emt
0:10:44]} 35. cxb5 {[%emt 0:02:29]} Rxb5 {[%emt 0:00:02]} 36. Bb2 {[%emt 0:00:
07]} a5 {[%emt 0:03:06]} 37. Rc1 {[%emt 0:04:22]} Rbb8 {[%emt 0:00:21]} 38. Rc4
{[%emt 0:02:44]} Kg8 {[%emt 0:04:36]} 39. Bc3 {[%emt 0:00:53]} Nb4 {[%emt 0:01:
56]} 40. a3 {[%emt 0:01:46]} Rxc4 {[%emt 0:00:15]} 41. bxc4 {[%emt 0:00:05]}
Nc6 {[%emt 0:00:20]} 42. Ke2 {[%emt 0:05:16]} Rb3 {[%emt 0:00:38]} 43. Kd2 {
[%emt 0:00:57]} Rxa3 {[%emt 0:01:19]} 44. Kc2 {[%emt 0:00:12]} Ra2+ {[%emt 0:
07:36]} 45. Kb3 {[%emt 0:05:23]} Rxf2 {[%emt 0:00:02]} 46. c5 {[%emt 0:00:04]}
Rf4 {[%emt 0:00:34]} 47. Rd6 {[%emt 0:00:43]} a4+ {[%emt 0:00:43]} 48. Kc2 {
[%emt 0:00:14]} Nb4+ {[%emt 0:00:15]} 49. Bxb4 {[%emt 0:01:51]} Rxb4 {[%emt 0:
00:01]} 50. Kc3 {[%emt 0:00:06]} Rb1 {[%emt 0:00:26]} 51. Kc4 {[%emt 0:00:26]}
Kf7 {[%emt 0:01:08]} 52. Ra6 {[%emt 0:00:05]} Rd1 {[%emt 0:01:13]} 53. Kb5 {
[%emt 0:00:17]} e4 {[%emt 0:00:55]} 54. Rxa4 {[%emt 0:00:04]} f5 {[%emt 0:00:
18]} 55. c6 {[%emt 0:00:14]} Rc1 {[%emt 0:00:42]} 56. Kb6 {[%emt 0:00:45]} e3 {
[%emt 0:00:38]} 57. Ra2 {[%emt 0:00:24]} Ke6 {[%emt 0:01:15]} 58. Ra3 {[%emt 0:
00:45]} f4 {[%emt 0:00:45]} 59. c7 {[%emt 0:00:04]} e2 {[%emt 0:00:18]} 60. Ra1
{[%emt 0:00:03]} e1=Q {[%emt 0:00:48]} 61. c8=Q+ {[%emt 0:00:04]} Rxc8 {[%emt
0:00:06]} 62. Rxe1+ {[%emt 0:00:05]} Kf6 {[%emt 0:00:06]} 63. Re2 {[%emt 0:00:
13]} g5 {[%emt 0:00:06]} 64. h3 {[%emt 0:00:09]} h5 {[%emt 0:00:07]} 0-1

[Event "ARA Cto Aragon Equipos Division Honor"]
[Site "Aragon"]
[Date "2021.06.05"]
[Round "10.3"]
[White "Antoli Royo, Joaquin Miguel"]
[Black "Quintin Navarro, Alberto"]
[Result "0-1"]
[WhiteElo "2423"]
[BlackElo "2394"]
[PlyCount "66"]
[EventDate "2021.??.??"]
[EventType "team"]
[EventRounds "10"]
[EventCountry "ESP"]
[WhiteTeam "Jaime Casas"]
[BlackTeam "MyInvestor Casablanca"]
[TimeControl "6000+1070"]
[WhiteClock "0:03:32"]
[BlackClock "0:08:19"]

1. e4 {[%emt 0:00:19]} e5 {[%emt 0:00:09]} 2. Nf3 {[%emt 0:00:59]} Nc6 {[%emt
0:00:08]} 3. Nc3 {[%emt 0:00:28]} Nf6 {[%emt 0:00:40]} 4. d4 {[%emt 0:00:16]}
exd4 {[%emt 0:00:08]} 5. Nd5 {[%emt 0:00:06]} Nb4 {[%emt 0:00:59]} 6. Nxf6+ {
[%emt 0:00:43]} Qxf6 {[%emt 0:02:19]} 7. Bc4 {[%emt 0:00:17]} Bc5 {[%emt 0:07:
34]} 8. O-O {[%emt 0:00:24]} O-O {[%emt 0:03:12]} 9. e5 {[%emt 0:00:11]} Qg6 {
[%emt 0:09:33]} 10. a3 {[%emt 0:01:15]} Nc6 {[%emt 0:00:21]} 11. b4 {[%emt 0:
16:57]} Bb6 {[%emt 0:03:35]} 12. b5 {[%emt 0:18:16]} Ne7 {[%emt 0:02:37]} 13.
Bd3 {[%emt 0:08:11]} Qh5 {[%emt 0:03:07]} 14. Re1 {[%emt 0:00:06]} d5 {[%emt 0:
04:53]} 15. exd6 {[%emt 0:01:03]} Ng6 {[%emt 0:00:13]} 16. h3 {[%emt 0:09:39]}
cxd6 {[%emt 0:10:32]} 17. Bb2 {[%emt 0:00:02]} Nf4 {[%emt 0:03:00]} 18. a4 {
[%emt 0:09:24]} Nxg2 {[%emt 0:04:42]} 19. Re4 {[%emt 0:02:25]} Bf5 {[%emt 0:10:
40]} 20. a5 {[%emt 0:07:24]} Bc5 {[%emt 0:06:38]} 21. Nxd4 {[%emt 0:01:58]}
Qxd1+ {[%emt 0:00:58]} 22. Rxd1 {[%emt 0:00:02]} Bxe4 {[%emt 0:00:09]} 23. Bxe4
{[%emt 0:00:07]} Nf4 {[%emt 0:00:07]} 24. Bxb7 {[%emt 0:00:50]} Rab8 {[%emt 0:
04:02]} 25. a6 {[%emt 0:00:30]} Rbe8 {[%emt 0:04:33]} 26. Kf1 {[%emt 0:02:08]}
Nxh3 {[%emt 0:04:39]} 27. Nf5 {[%emt 0:02:53]} Nxf2 {[%emt 0:01:30]} 28. Rd2 {
[%emt 0:03:36]} Ng4 {[%emt 0:03:17]} 29. Rg2 {[%emt 0:03:00]} h5 {[%emt 0:00:
07]} 30. Bxg7 {[%emt 0:01:08]} Re6 {[%emt 0:00:08]} 31. Bd5 {[%emt 0:05:20]}
Rfe8 {[%emt 0:01:28]} 32. Bc3 {[%emt 0:01:25]} Kh7 {[%emt 0:01:43]} 33. Rg3 {
[%emt 0:02:00]} Re5 {[%emt 0:01:08] Kg1 [%emt 00:01:42]} 0-1

[Event "ARA Cto Aragon Equipos Division Honor"]
[Site "Aragon"]
[Date "2021.06.05"]
[Round "10.4"]
[White "Bayo Milagro, Alvaro"]
[Black "Ramiro Ovejero, Juan Luis"]
[Result "1/2-1/2"]
[WhiteElo "2257"]
[BlackElo "2345"]
[PlyCount "73"]
[EventDate "2021.??.??"]
[EventType "team"]
[EventRounds "10"]
[EventCountry "ESP"]
[WhiteTeam "MyInvestor Casablanca"]
[BlackTeam "Jaime Casas"]
[TimeControl "6000+1075"]
[WhiteClock "0:01:07"]
[BlackClock "0:01:07"]

1. c4 {[%emt 0:00:12]} e5 {[%emt 0:00:26]} 2. Nc3 {[%emt 0:00:13]} Bb4 {[%emt
0:00:14]} 3. Nd5 {[%emt 0:00:12]} Na6 {[%emt 0:01:11]} 4. a3 {[%emt 0:12:14]}
Ba5 {[%emt 0:00:24]} 5. b4 {[%emt 0:05:45]} c6 {[%emt 0:00:06]} 6. Nc3 {[%emt
0:00:07]} Bc7 {[%emt 0:00:58]} 7. d4 {[%emt 0:00:45]} Nf6 {[%emt 0:05:08]} 8.
Bg5 {[%emt 0:02:54]} h6 {[%emt 0:16:42]} 9. Bh4 {[%emt 0:00:29]} Qe7 {[%emt 0:
06:28]} 10. d5 {[%emt 0:10:41]} e4 {[%emt 0:14:37]} 11. e3 {[%emt 0:00:43]} Be5
{[%emt 0:01:37]} 12. Rc1 {[%emt 0:06:31]} g5 {[%emt 0:08:36]} 13. Bg3 {[%emt 0:
00:14]} d6 {[%emt 0:00:31]} 14. Nge2 {[%emt 0:02:31]} c5 {[%emt 0:01:18]} 15.
h4 {[%emt 0:02:26]} O-O {[%emt 0:09:01]} 16. hxg5 {[%emt 0:03:54]} hxg5 {[%emt
0:00:05]} 17. Bxe5 {[%emt 0:18:21]} Qxe5 {[%emt 0:00:14]} 18. Ng3 {[%emt 0:00:
08]} Bg4 {[%emt 0:02:31]} 19. Be2 {[%emt 0:04:06]} Bxe2 {[%emt 0:00:40]} 20.
Qxe2 {[%emt 0:00:02]} Kg7 {[%emt 0:03:09]} 21. Qb2 {[%emt 0:04:04]} Rh8 {[%emt
0:06:57]} 22. Ke2 {[%emt 0:00:22]} Rh4 {[%emt 0:03:40]} 23. Qa1 {[%emt 0:14:28]
} Kg6 {[%emt 0:10:27]} 24. b5 {[%emt 0:05:38]} Nb8 {[%emt 0:01:47]} 25. Qb1 {
[%emt 0:01:28]} Rxh1 {[%emt 0:00:19]} 26. Nxh1 {[%emt 0:00:09]} Nbd7 {[%emt 0:
01:22]} 27. f3 {[%emt 0:00:21]} Re8 {[%emt 0:03:27]} 28. Nf2 {[%emt 0:00:37]}
Qh2 {[%emt 0:01:08]} 29. Rg1 {[%emt 0:03:22]} Nh5 {[%emt 0:01:00]} 30. Ncxe4 {
[%emt 0:00:33]} f5 {[%emt 0:00:18]} 31. g4 Nf4+ {[%emt 0:00:45]} 32. exf4 {
[%emt 0:00:31]} fxe4 {[%emt 0:00:04]} 33. fxg5 {[%emt 0:01:49]} Kxg5 {[%emt 0:
00:50]} 34. fxe4 {[%emt 0:00:09]} Rf8 {[%emt 0:00:29]} 35. Rf1 {[%emt 0:00:53]}
Ne5 {[%emt 0:00:25]} 36. Qc1+ {[%emt 0:03:51]} Kg6 {[%emt 0:00:04]} 37. Ke1 {
[%emt 0:02:11]} 1/2-1/2

[Event "ARA Cto Aragon Equipos Division Honor"]
[Site "Aragon"]
[Date "2021.06.05"]
[Round "10.16"]
[White "Dominguez Bujeda, Jesus"]
[Black "Cid Royo, Jonathan"]
[Result "1/2-1/2"]
[WhiteElo "2086"]
[BlackElo "2176"]
[PlyCount "23"]
[EventDate "2021.??.??"]
[EventType "team"]
[EventRounds "10"]
[EventCountry "ESP"]
[WhiteTeam "Teruel"]
[BlackTeam "L'Aurora"]

1. d4 d5 2. c4 e6 3. Nc3 c6 4. e3 Nf6 5. Nf3 Nbd7 6. Bd3 dxc4 7. Bxc4 b5 8. Bb3
Bb7 9. O-O a6 10. Ng5 h6 11. Nxf7 Kxf7 12. f4 1/2-1/2

[Event "ARA Cto Aragon Equipos Division Honor"]
[Site "Aragon"]
[Date "2021.06.05"]
[Round "10.17"]
[White "Pellicer Cerezuela, Miguel"]
[Black "Carraminana Lopez, Luis Antonio"]
[Result "1-0"]
[WhiteElo "2029"]
[BlackElo "1922"]
[PlyCount "95"]
[EventDate "2021.??.??"]
[EventType "team"]
[EventRounds "10"]
[EventCountry "ESP"]
[WhiteTeam "L'Aurora"]
[BlackTeam "Teruel"]

1. d4 Nf6 2. Nf3 e6 3. e3 c5 4. Bd3 d5 5. O-O Bd6 6. Nbd2 O-O 7. b3 b6 8. Bb2
Ba6 9. c4 Nc6 10. Ne5 Nb4 11. Bb1 Rc8 12. f4 b5 13. Rf3 cxd4 14. Rh3 d3 15.
Nxd3 g6 16. cxb5 Bxb5 17. Ne5 Ne4 18. Ng4 Nc3 19. Nc4 dxc4 20. Bxc3 f6 21. Qd4
Nd5 22. Bxg6 hxg6 23. Qe4 Qe8 24. Bd4 Rc7 25. f5 gxf5 26. Nh6+ Kg7 27. Nxf5+
exf5 28. Qxd5 Be5 29. Rc1 c3 30. Qf3 Bd3 31. Rg3+ Bxg3 32. Qxg3+ Qg6 33. Qxc7+
Rf7 34. Qxc3 Be4 35. Qd2 Kh7 36. Qf2 Qg5 37. g3 Kg7 38. h3 Kg6 39. Rc8 Kg7 40.
Qf4 Qh5 41. Qf1 Qg5 42. Kh2 Qh5 43. Rc1 Kg6 44. b4 Rh7 45. b5 Rb7 46. a4 Rh7
47. Rc8 Qg4 48. Rg8+ 1-0

[Event "ARA Cto Aragon Equipos Division Honor"]
[Site "Aragon"]
[Date "2021.06.05"]
[Round "10.18"]
[White "Arpa Pardos, Emilio"]
[Black "Felez Casedas, Carlos"]
[Result "1-0"]
[WhiteElo "1905"]
[BlackElo "1976"]
[PlyCount "97"]
[EventDate "2021.??.??"]
[EventType "team"]
[EventRounds "10"]
[EventCountry "ESP"]
[WhiteTeam "Teruel"]
[BlackTeam "L'Aurora"]

1. Nf3 d5 2. d4 c6 3. c4 e6 4. Nc3 f5 5. Bg5 Nf6 6. cxd5 cxd5 7. Rc1 Bd6 8. Nb5
Nc6 9. Qa4 O-O 10. Nxd6 Qxd6 11. e3 Bd7 12. Bf4 Qe7 13. Bb5 a6 14. Bxc6 Bxc6
15. Qa5 Bb5 16. a4 Rac8 17. Rc3 Ne4 18. axb5 Nxc3 19. bxc3 axb5 20. O-O Ra8 21.
Qxb5 Rfc8 22. Rc1 Qa3 23. e4 Rxc3 24. Rxc3 Qxc3 25. h3 fxe4 26. Ne5 Qe1+ 27.
Kh2 Qxf2 28. Bg3 Qf5 29. Qxb7 Rf8 30. Nd7 Re8 31. Nb8 h6 32. Nc6 Qf7 33. Qb5
Qd7 34. Qc5 Kh7 35. Ne5 Qe7 36. Qc2 Kg8 37. Qe2 Ra8 38. Qg4 Ra2 39. Qf4 Qf6 40.
Qg4 Qf1 41. Qxe6+ Kh8 42. Qe8+ Kh7 43. Qg6+ Kg8 44. Bh4 Qf4+ 45. Qg3 Qxg3+ 46.
Bxg3 Rd2 47. Nc6 Kf7 48. Bf4 Rc2 49. Na7 1-0

[Event "ARA Cto Aragon Equipos Division Honor"]
[Site "Aragon"]
[Date "2021.06.05"]
[Round "10.19"]
[White "Pellicer Cemeli, Jose Luis"]
[Black "Perez Dominguez, Carlos Gines"]
[Result "1/2-1/2"]
[WhiteElo "1972"]
[BlackElo "1571"]
[PlyCount "74"]
[EventDate "2021.??.??"]
[EventType "team"]
[EventRounds "10"]
[EventCountry "ESP"]
[WhiteTeam "L'Aurora"]
[BlackTeam "Teruel"]

1. d4 Nf6 2. Nf3 g6 3. e3 Bg7 4. Be2 d6 5. b3 a5 6. a4 O-O 7. O-O Na6 8. Nbd2
c5 9. Bb2 Nd7 10. Qc1 Nb4 11. dxc5 Bxb2 12. Qxb2 Nxc5 13. Rfd1 Bf5 14. Nd4 Qd7
15. Bb5 Qc8 16. Nc4 Nca6 17. Nb6 Qc5 18. Nxa8 Be4 19. c3 Nd5 20. Rac1 Rxa8 21.
Bd3 Nf6 22. Bxe4 Nxe4 23. Qc2 Nf6 24. Qd3 Qh5 25. Qe2 Qh6 26. Qf3 Nc5 27. b4
Nce4 28. Ne2 g5 29. Rd4 d5 30. Ng3 Qg6 31. Nxe4 dxe4 32. Qd1 Kg7 33. f3 Ra6 34.
fxe4 Nxe4 35. Rd7 Qf5 36. Qf3 Qxd7 37. Qxe4 axb4 1/2-1/2